Statistics for NBA MIP award (2000-present)

Click here to take the quiz!

General Stats

  • This quiz has been taken 10 times
  • The average score is 3 of 23

Answer Stats

YearAnswer% Correct
2021-22Ja Morant
75%
2012-13Paul George
38%
2017-18Victor Oladipo
38%
2018-19Pascal Siakam
25%
2009-10Aaron Brooks
13%
2005-06Borias Diaw
13%
2016-17Giannis Antetokounmpo
13%
2014-15Jimmy Butler
13%
2020-21Julius Randle
13%
2000-01Tracy Mcgrady
13%
2004-05Bobby Simmons
0%
2019-20Brandon Ingram
0%
2015-16CJ McCollum
0%
2008-09Danny Granger
0%
2002-03Gilbert Arenas
0%
2013-14Goran Dragic
0%
2007-08Hedo Turkoglu
0%
1999-00Jalen Rose
0%
2001-02Jermaine O'Neal
0%
2010-11Kevin Love
0%
2006-07Monta Ellis
0%
2011-12Ryan Anderson
0%
2003-04Zach Randolph
0%

Score Distribution

Percentile by Number Answered

Percent of People with Each Score

Your Score History

You have not taken this quiz